Tenisistki pokonane przez Igę Świątek w wielkoszlemowych finałach. - Statystyki

Ogólne statystyki
  • Ten quiz został rozwiązany 182 razy
    82 od ostatniego zresetowania
  • Średni wynik to 4 z 6
Statystyki odpowiedzi
Rok Turniej Wynik Odpowiedź % Poprawnych
2022 French Open 6:1, 6:3 Coco Gauff
87%
2025 Wimbledon 6:0, 6:0 Amanda Anisimova
83%
2024 French Open 6:2, 6:1 Jasmine Paolini
71%
2023 French Open 6:2, 5:7, 6:4 Karolina Muchova
71%
2022 US Open 6:2, 7:6 Ons Jabeur
58%
2020 French Open 6:4, 6:1 Sofia Kenin
58%
Nie znaleziono quizów pasujących do podanych kryteriów
Rozkład punktacji
Procent ludzi z każdym wynikiem
Percentyl według liczby udzielonych odpowiedzi
Twoja historia wyników
Nie rozwiązałeś tego quizu od ostatniego zresetowania